|
|
|
|
| LEADER |
02855nam a22005055i 4500 |
| 001 |
978-1-84628-081-8 |
| 003 |
DE-He213 |
| 005 |
20151204180034.0 |
| 007 |
cr nn 008mamaa |
| 008 |
100301s2005 xxk| s |||| 0|eng d |
| 020 |
|
|
|a 9781846280818
|9 978-1-84628-081-8
|
| 024 |
7 |
|
|a 10.1007/b138527
|2 doi
|
| 040 |
|
|
|d GrThAP
|
| 050 |
|
4 |
|a RC346-429.2
|
| 072 |
|
7 |
|a MJN
|2 bicssc
|
| 072 |
|
7 |
|a MED056000
|2 bisacsh
|
| 082 |
0 |
4 |
|a 616.8
|2 23
|
| 100 |
1 |
|
|a Brandt, Thomas.
|e author.
|
| 245 |
1 |
0 |
|a Vertigo and Dizziness
|h [electronic resource] :
|b Common Complaints /
|c by Thomas Brandt, Marianne Dieterich, Michael Strupp.
|
| 264 |
|
1 |
|a London :
|b Springer London,
|c 2005.
|
| 300 |
|
|
|a X, 148 p. 3 illus. in color.
|b online resource.
|
| 336 |
|
|
|a text
|b txt
|2 rdacontent
|
| 337 |
|
|
|a computer
|b c
|2 rdamedia
|
| 338 |
|
|
|a online resource
|b cr
|2 rdacarrier
|
| 347 |
|
|
|a text file
|b PDF
|2 rda
|
| 505 |
0 |
|
|a Introductory Remarks -- Peripheral Vestibular Forms of Vertigo -- Central Vestibular Forms of Vertigo -- Traumatic Forms of Vertigo -- Psychogenic Forms of Vertigo and Dizziness -- Various Vertigo Syndromes.
|
| 520 |
|
|
|a After headache, vertigo and dizziness is the second most common complaint of patients. Vertigo is not a disease entity, but rather an unspecific syndrome consisting of various disorders with different causes. Most syndromes of vertigo can only be correctly diagnosed by means of a careful medical history and physical examination of the patient. The majority of these cases have a benign cause, a favorable natural course, and a positive response to therapy. This short and concise, clinically-oriented book is for physicians of different specializations who treat patients with vertigo including neurologists and ENT specialists. Easy-to-use, it has an overview of the most important syndromes of vertigo, each with explanatory clinical descriptions and illustrations. Target market: Physicians of different specializations who treat patients with vertigo including neurologists, neurootologic specialists, neuroophthalmology, otolaryngology, head and neck surgery, ophthalmology and ENT specialists, and general medicine practitioners.
|
| 650 |
|
0 |
|a Medicine.
|
| 650 |
|
0 |
|a General practice (Medicine).
|
| 650 |
|
0 |
|a Neurology.
|
| 650 |
|
0 |
|a Ophthalmology.
|
| 650 |
|
0 |
|a Otorhinolaryngology.
|
| 650 |
1 |
4 |
|a Medicine & Public Health.
|
| 650 |
2 |
4 |
|a Neurology.
|
| 650 |
2 |
4 |
|a General Practice / Family Medicine.
|
| 650 |
2 |
4 |
|a Ophthalmology.
|
| 650 |
2 |
4 |
|a Otorhinolaryngology.
|
| 700 |
1 |
|
|a Dieterich, Marianne.
|e author.
|
| 700 |
1 |
|
|a Strupp, Michael.
|e author.
|
| 710 |
2 |
|
|a SpringerLink (Online service)
|
| 773 |
0 |
|
|t Springer eBooks
|
| 776 |
0 |
8 |
|i Printed edition:
|z 9781852338145
|
| 856 |
4 |
0 |
|u http://dx.doi.org/10.1007/b138527
|z Full Text via HEAL-Link
|
| 912 |
|
|
|a ZDB-2-SME
|
| 950 |
|
|
|a Medicine (Springer-11650)
|